Umělá inteligence (expertní systémy) ve VTEI Rešerše číslo R 294 D

Salvato in:
Dettagli Bibliografici
Natura: Libro
Lingua:ceco
Pubblicazione: Praha Ústředí vědeckých, technických a ekonomických informací 1988
Edizione:1. vyd.
Tags: Aggiungi Tag
Nessun Tag, puoi essere il primo ad aggiungerne!!

MARC

LEADER 00000nam a2200000 4500
001 c040514
005 20251204112929.6
041 0 |a cze 
044 |a CZ 
245 1 0 |a Umělá inteligence (expertní systémy) ve VTEI  |b Rešerše číslo R 294 D 
250 |a 1. vyd. 
264 1 |a Praha  |b Ústředí vědeckých, technických a ekonomických informací  |c 1988 
300 |a 20 s.